Online katalóg knižníc regiónu Turca

Tam-Tam 2 (Record no. 22456)

MARC details
000 -LEADER
fixed length control field 00968cam a2200349 a 4500
001 - CONTROL NUMBER
control field 22456
003 - CONTROL NUMBER IDENTIFIER
control field SK-KTurca
005 - DATE AND TIME OF LATEST TRANSACTION
control field 20260328124329.0
008 - FIXED-LENGTH DATA ELEMENTS--GENERAL INFORMATION
fixed length control field 240315s2000 xo a gr 00001 slo
015 ## - NATIONAL BIBLIOGRAPHY NUMBER
National bibliography number SNBA2000/08-02868
020 ## - INTERNATIONAL STANDARD BOOK NUMBER
International Standard Book Number 8071188476
035 ## - SYSTEM CONTROL NUMBER
System control number SNK000345287
035 ## - SYSTEM CONTROL NUMBER
System control number urn:nbn:sk:snk-amk52u
035 ## - SYSTEM CONTROL NUMBER
System control number urn:nbn:sk:snk-am004zjg
035 ## - SYSTEM CONTROL NUMBER
System control number F5EA0A9B-1A1F-4076-869D-98AE1276FDC7
040 ## - CATALOGING SOURCE
Original cataloging agency SNK
Language of cataloging slo
Transcribing agency SNK
Description conventions AACR2
Modifying agency SNKPH
041 0# - LANGUAGE CODE
Language code of text/sound track or separate title slo
044 ## - COUNTRY OF PUBLISHING/PRODUCING ENTITY CODE
MARC country code xo
ISO country code SK
080 ## - UNIVERSAL DECIMAL CLASSIFICATION NUMBER
Universal Decimal Classification number 885.4-992
Edition identifier 1981
080 ## - UNIVERSAL DECIMAL CLASSIFICATION NUMBER
Universal Decimal Classification number 929 Filan, Boris
Edition identifier 1981
100 1# - MAIN ENTRY--PERSONAL NAME
Personal name Filan, Boris,
Dates associated with a name 1949-
Relationship aut
245 10 - TITLE STATEMENT
Title Tam-Tam 2
Statement of responsibility, etc. Boris Filan
250 ## - EDITION STATEMENT
Edition statement 2. vyd.
260 ## - PUBLICATION, DISTRIBUTION, ETC.
Place of publication, distribution, etc. Bratislava
Name of publisher, distributor, etc. Ikar
Date of publication, distribution, etc. 2000
300 ## - PHYSICAL DESCRIPTION
Extent 255 s.
Other physical details fotogr.
Dimensions 24 cm
500 ## - GENERAL NOTE
General note Celkovo 3. vyd.
655 #7 - INDEX TERM--GENRE/FORM
Genre/form data or focus term slovenské prózy
Source of term SNKPH
655 #7 - INDEX TERM--GENRE/FORM
Genre/form data or focus term cestopisy
Source of term SNKPH
942 ## - ADDED ENTRY ELEMENTS (KOHA)
Source of classification or shelving scheme Dewey Decimal Classification
Koha item type Krásna literatúra pre dospelých
Suppress in OPAC No
Holdings
Stav vyradenia Strata Poškodenie Spôsob nadobudnutia Domovská knižnica Aktuálna knižnica Dátum nadobudnutia Cena Total checkouts Čiarový kód exemplára Date last seen Typ exemplára
      Kúpa Obecná knižnica Horná Štubňa Obecná knižnica Horná Štubňa 28.03.2026 7.35   9788071188476 28.03.2026 Krásna literatúra pre dospelých
Projekt je podporený Slovenskou asociáciou knižníc
Prevádzkuje Turčianska knižnica Martin 2026